A konferencia programja

Elmentve itt :
Bibliográfiai részletek
Testületi szerző: Szegedi Történészhallgatók Egyesület (1.) (2019) (Szeged)
Dokumentumtípus: Könyv része
Megjelent: 2019
Sorozat:Szegedi Történészhallgatók Egyesületének Konferenciái 1
Kulcsszavak:Magyarország története - konferencia - program, Világtörténelem - konferencia - program
Online Access:http://acta.bibl.u-szeged.hu/65668
LEADER 00730naa a2200181 i 4500
001 acta65668
005 20260224081030.0
008 200218s2019 hu o 100 hun d
020 |a 978-615-5372-99-5 
040 |a SZTE Egyetemi Kiadványok Repozitórium  |b hun 
041 |a hun 
245 0 2 |a A konferencia programja  |h [elektronikus dokumentum] 
260 |c 2019 
300 |a 1-4 
490 0 |a Szegedi Történészhallgatók Egyesületének Konferenciái  |v 1 
695 |a Magyarország története - konferencia - program, Világtörténelem - konferencia - program 
710 |a Szegedi Történészhallgatók Egyesület (1.) (2019) (Szeged) 
856 4 0 |u http://acta.bibl.u-szeged.hu/65668/1/SZETE_absztraktkotet_001-004.pdf  |z Dokumentum-elérés